000 00309nam a22001337a 4500
008 181102b xxu||||| |||| 00| 0 eng d
020 _a9781609133450
041 _aeng
080 _27th
_a540
100 _a12
101 _aKIM
245 _aPrinciples of Medicinal Chemistry
_cLemke,Th.L
942 _2udc
_cBK
999 _c51587
_d51587